MARC

LEADER 00000nam0a2200000 4500
001 361359
005 20231102011400.0
035 |a (RuTPU)RU\TPU\retro\18685 
090 |a 361359 
100 |a 20210603d1980 km y0rusy50 ca 
101 0 |a rus 
102 |a RU 
105 |a a z 000zy 
200 1 |a Служба эффективности на предприятиях и в организациях  |f В. Г. Чирков 
210 |a Москва  |c Экономика  |d 1980 
215 |a 56 с.  |c ил. 
606 1 |a Экономическая эффективность промышленного производства  |x Статистические методы изучения  |2 stltpush  |3 (RuTPU)RU\TPU\subj\26594  |9 50485 
606 1 |a Промышленные предприятия  |x Внедрение передовой технологии и техники  |x Кредитование и финансирование  |x Прогнозирование  |2 stltpush  |3 (RuTPU)RU\TPU\subj\52579  |9 70991 
610 1 |a новая техника 
610 1 |a службы 
610 1 |a методическое обеспечение 
610 1 |a информационное обеспечение 
610 1 |a учет 
610 1 |a оценка 
610 1 |a требования 
675 |a 658.011.46  |v 4 
675 |a 658.589  |v 4 
700 1 |a Чирков  |b В. Г.  |g Владимир Григорьевич 
801 1 |a RU  |b 63413507  |c 20210603 
942 |c BK